000 00818cab a2200229 4500
001 WB2449-28
008 090401t1988 xxu||||| |||| 00| 0 eng d
035 _a(Sirsi) u88530
041 _aeng
245 _aInformation database for accurate planning
260 _c1988
300 _a(See also WB2449- )
350 _a0
490 _aDaily Telegraph
_v5/12/88 p8
520 _aA joint venture between two academic organisations, the South East Regional Research Laboratory is to examine the impact of the Channel Tunnel on the South East. It is the first geographic information system planned in a nationwide network.
650 _aBIRKBECK COLLEGE
650 _aLAND INFORMATION SYSTEMS
650 _aLONDON SCHOOL OF ECONOMICS
690 _aPRACTICE AND TECHNIQUES
942 _n0
948 _c04/03/1997
999 _c55945
_d55945